Most Gold Gloves in MLB History - Statistics

General Stats
  • This quiz has been taken 181 times
  • The average score is 9 of 15
Answer Stats
Number of Gold Gloves Position Most Recent Year Won Player % Correct
18 P 2008 Greg Maddux
87%
13 C 2007 Ivan Rodriguez
81%
13 SS 1992 Ozzie Smith
81%
16 3B 1975 Brooks Robinson
69%
10 C 1977 Johnny Bench
68%
11 OF 1968 Willie Mays
67%
10 3B 1986 Mike Schmidt
65%
10 OF 1999 Ken Griffey Jr.
53%
12 OF 1972 Roberto Clemente
50%
10 OF 2007 Andruw Jones
47%
11 SS 2006 Omar Vizquel
43%
11 1B 1988 Keith Hernandez
42%
10 OF 2010 Ichiro Suzuki
40%
10 2B 2001 Roberto Alomar
40%
16 P 1977 Jim Kaat
37%
No matching quizzes found
Score Distribution
Percent of People with Each Score
Percentile by Number Answered
Your Score History
You have not taken this quiz